书目信息 |
| 题名: |
苏联学校管理
|
|
| 作者: | 别列兹良克 著 ;梅汝莉 编译 | |
| 分册: | ||
| 出版信息: | 北京 教育科学出版社 1981 |
|
| 页数: | 156页 | |
| 开本: | 19cm | |
| 丛书名: | ||
| 单 册: | ||
| 中图分类: | G551.26 , G551.2 | |
| 科图分类: | ||
| 主题词: | 学校管理--苏联 , 教育事业--世界 | |
| 电子资源: | ||
| ISBN: | ||
| 000 | 00769nam0 2200277 45 | |
| 001 | 0181007025 | |
| 005 | 20040425130524.7 | |
| 010 | @dCNY0.46 | |
| 091 | @a7232.66 | |
| 100 | @a19950605d1981 em y0chiy0121 ea | |
| 101 | 1 | @achi@crus |
| 102 | @aCN@b110000 | |
| 105 | @ay z 000yy | |
| 106 | @ar | |
| 200 | 10 | @a苏联学校管理@Asu lian xue xiao guan li@f(苏)Е.С. 别列兹良克著@g梅汝莉编译 |
| 210 | @a北京@c教育科学出版社@d1981 | |
| 215 | @a156页@d19cm | |
| 606 | @a学校管理@y苏联 | |
| 606 | 0 | @a教育事业@x世界 |
| 690 | @aG551.26@v3 | |
| 690 | @aG551.2 | |
| 701 | 1 | @a别列兹良克@Abie lie zi liang ke@4著@bЕ.С. |
| 702 | 0 | @a梅汝莉@Amei ru li@4编译 |
| 801 | 0 | @aCN@b上海图书馆@c20040425 |
| 801 | 2 | @aCN@bNLC@c20040425 |
| 905 | @f4@b71877-880@dG551.2@e6 | |
| 苏联学校管理/(苏)Е.С. 别列兹良克著/梅汝莉编译.-北京:教育科学出版社,1981 |
| 156页;19cm |
| ISBN :CNY0.46 |
| ● |
| 相关链接 |
|
|
|
|
正题名:苏联学校管理
索取号:G551.2/6
 
预约/预借
| 序号 | 登录号 | 条形码 | 馆藏地/架位号 | 状态 | 备注 |
| 1 | 0071877 | 000463965 | 密集书库/ [索取号:G551.2/6] | 在馆 | |
| 2 | 0071878 | 000461869 | 密集书库/ [索取号:G551.2/6] | 在馆 | |
| 3 | 0071879 | 000463956 | 密集书库/ [索取号:G551.2/6] | 在馆 | |
| 4 | 0071880 | 000463929 | 密集书库/ [索取号:G551.2/6] | 在馆 | |
| 5 | 0071881 | 000461878 | 第一样本阅览室/ [索取号:G551.2/6] | 在馆 |